| 000 | 00335nam a22001337a 4500 | ||
|---|---|---|---|
| 020 | _a9788120327634 | ||
| 082 |
_a620.5. _bBEN/LO |
||
| 100 |
_aBenjamin S. Blanchard _91067 |
||
| 245 | _aLogistics Engineering and Management | ||
| 250 | _a6 th | ||
| 260 |
_aNew Delhi _bPHI Learning Private Limited _c2009 |
||
| 300 | _a546 | ||
| 942 | _cBK | ||
| 999 |
_c14612 _d14612 |
||